Autoconstrucción de 60 vivienda en el Barrio San Antonio de Apompoa Municipio de Potosí Rivas
Presenta propuesta para la autoconstrucción de sesenta viviendas en el Barrio San Antonio de Apompoa, lo cual contribuirá para mejorar la calidad de vida y disminuirá el déficit habitacional en el municipio de Potosí, Rivas. Plantea un estudio de mercado el cual determino que existe anualmente...
| Main Authors: | , , |
|---|---|
| Other Authors: | |
| Format: | Tesis Section = Libro |
| Language: | Undetermined Spanish |
| Published: |
Managua
UNI
2004
|
| Subjects: |
| LEADER | 01748nam a2200289Ia 4500 | ||
|---|---|---|---|
| 008 | 240830s9999 xx 000 0 und d | ||
| 040 | |a BIBLIOTECA-RUSB/ T.Mon 728.1 V176 | ||
| 041 | |a spa | ||
| 082 | |a T.Mon 728.1 V176 | ||
| 100 | 1 | |a Valladares Navas, Pedro José | |
| 100 | 1 | |b Jáenz, Rosa Maria | |
| 100 | 1 | |c Navarro Sánchez, Cruz | |
| 245 | 1 | 0 | |a Autoconstrucción de 60 vivienda en el Barrio San Antonio de Apompoa Municipio de Potosí Rivas |
| 260 | |a Managua |b UNI |c 2004 | ||
| 300 | |a 234 p. :il. | ||
| 500 | |a Contiene: anexos. | ||
| 502 | |a Tesis (Máster en Gerencia de Proyectos de Desarrollo) - UNI, 2004. | ||
| 520 | 3 | |a Presenta propuesta para la autoconstrucción de sesenta viviendas en el Barrio San Antonio de Apompoa, lo cual contribuirá para mejorar la calidad de vida y disminuirá el déficit habitacional en el municipio de Potosí, Rivas. Plantea un estudio de mercado el cual determino que existe anualmente un déficit habitacional, demanda, oferta y demanda potencial insatisfecha tanto a nivel nacional como a nivel local, comprobándose que es necesario la realización de proyectos de autoconstrucción en ambos niveles, justificando la viabilidad del estudio propuesto a través de la entrevista. Contiene una evaluación de impacto ambiental a fin de identificar los efectos relevantes, positivos y negativos sobre el medio ambiente. | |
| 650 | 7 | |a VIVIENDA - AUTOCONSTRUCCIÓN - SAN ANTONIO - APOMPOA | |
| 650 | 7 | |b ESTUDIO DE MERCADO - DEMANDA SOCIAL | |
| 650 | 7 | |c CALIDAD DE VIDA - BARRIO SAN ANTONIO - APOMPOA | |
| 650 | 7 | |d TIPOLOGÍA DE VIVIENDA | |
| 650 | 7 | |e EVALUACIÓN DE IMPACTO AMBIENTAL | |
| 700 | 1 | |a Tutor: |b Orozco, Elena | |
| 942 | |c BK |2 ddc | ||
| 991 | |a TESIS | ||
| 999 | |c 22096 | ||